MBA handbook 2008 : Accounting, Finance, Money and Banking, Business Management, Economics, Business Entities, Commercial Law : A case study : Paul Erdman's Illustrious United California Bank in Basel Switzerland

সংরক্ষণ করুন:
গ্রন্থ-পঞ্জীর বিবরন
প্রধান লেখক: Schemmann, Michael
বিন্যাস: গ্রন্থ
ভাষা:Undetermined
প্রকাশিত: ThaiSunset Publications 2007
বিষয়গুলি:
ট্যাগগুলো: ট্যাগ যুক্ত করুন
কোনো ট্যাগ নেই, প্রথমজন হিসাবে ট্যাগ করুন!
Thư viện lưu trữ: Trung tâm Học liệu Trường Đại học Cần Thơ
LEADER 00869nam a2200217Ia 4500
001 CTU_126855
008 210402s9999 xx 000 0 und d
020 |c 322000 
082 |a 330 
082 |b S323 
100 |a Schemmann, Michael 
245 0 |a MBA handbook 2008 : 
245 0 |b Accounting, Finance, Money and Banking, Business Management, Economics, Business Entities, Commercial Law : A case study : Paul Erdman's Illustrious United California Bank in Basel Switzerland 
245 0 |c Michael Schemmann 
260 |b ThaiSunset Publications 
260 |c 2007 
650 |a MBA handbook 2008,Accouting,Money and banking,Business entities,Commercial law,Business management 
650 |x IFRS International Financial Reporting Standards 
650 |z United States,United States 
904 |i Minh 
980 |a Trung tâm Học liệu Trường Đại học Cần Thơ